00601 2200205 4500001002100000005001700021008004100038020002200079035002400101041000800125043001300133082001200146090001800158100001900176245007900195260004300274300003900317650001400356990002500370YOGYA-1011000000045520111025014104.0 ind  a978-979-22-6984-0 0010-101100000000454 aInd aYOPD DIY a350.532 a350.532 Dwi M aDWIYANTO, Agus aMengembalikan kepercayaan publik melalui reformasi birokrasi/Agus Dwiyanto aJakartabGramedia Pustaka Utamac2011. axiii,459 hlmbilusc23 cm. [3 eks] abirokrasi a1392-1394-PD/B.11b3